Football - Les 10 plus gros transferts (2008-2009) - Statistiques

Statistiques générales
  • Ce quiz a été pris 49 fois
  • Le résultat moyen est 3 sur 10
Statistiques - réponses
Rang Club Précédent Nouveau Club Montant Joueur % Correct
1 Real Madrid Manchester City 43 000 000 € Robinho
75%
3 Seville Barcelone 35 500 000 € Dani Alves
68%
7 Barcelone Milan AC 24 150 000 € Ronaldinho
50%
2 Tottenham Manchester United 38 000 000 € Dimitar Berbatov
45%
5 Ajax Amsterdam Real Madrid 27 000 000 € Klaas-Jan Huntelaar
39%
6 Porto Inter Milan 24 600 000 € Ricardo Quaresma
20%
4 Dynamo Moscou Zénith Saint-Pétersbourg 30 000 000 € Danny
7%
8 Tottenham Liverpool 24 000 000 € Robbie Keane
7%
10 Palermo Juventus 22 800 000 € Amauri
5%
9 CSKA Moscou Manchester City 24 000 000 €
5%
Aucun quiz correspondant
Distribution des résultats
% des personnes avec chaque résultat
Percentile par nombre de réponses
Votre historique - résultats
Vous n’avez pas pris ce quiz